000 01000nam a2200289 a 4500
001 1153
005 20260202125846.0
020 _a033500002045
040 _aDLC
_cDLC
_dDLC
_beng
050 0 0 _aPZ7.M929
_bTgh 1986
082 0 0 _aFic
_219
100 1 _aMuntean, Michaela.
245 1 0 _aTheodore Mouse up in the air /
_cby Michaela Muntean ; illustrated by Lucinda McQueen.
260 _aNew York :
_bGolden Press ;
_aRacine, Wis. :
_bWestern Publishing Company, Inc.,
_c1986.
300 _a23 unnumbered pages:
_bcolor illustrations. ;
_c21 cm
490 0 _aA Little golden book
500 _a"A Golden book."
505 _aF
520 _aEager to see the world, Theodore Mouse makes a balloon from bed sheets and flies away on the wind.
521 _a320
_bLexile
521 _aF
_bRaz-Plus
650 1 _aMice
_xFiction.
650 1 _aBalloons
_xFiction.
700 1 _aMcQueen, Lucinda,
_eillustrator.
906 _a7
_bcbc
_corignew
_d2
_eocip
_f19
_gy-gencatlg
942 _2ddc
_cBK
_n0
999 _c1153
_d1153